000 00566nam a22001937a 4500
003 KOHA_MİRAKIL
005 20251114120730.0
008 251114b tu ||||| |||| 00| 0 tur d
020 _a9786052491607
040 _aTR-AnABB
_btur
_cTR-AnABB
041 _atur
082 _a891.733
_bGOG 2018
100 1 _aGogol, Nikolay Vasilyeviç,
245 1 0 _aBir delinin hatıra defteri /
_cNikolay Vasilyeviç Gogol
260 _aEskişehir :
_bDorlion Yayınları,
_c2018
300 _a127 sayfa ;
_c21 cm
650 0 4 _aRus edebiyatı, roman
942 _2ddc
_cBK
999 _c9384
_d9384
900 _bGizem YORULMAZ